| 000 | 00446nam a22001457a 4500 | ||
|---|---|---|---|
| 005 | 20240314105358.0 | ||
| 008 | 240314b ||||| |||| 00| 0 eng d | ||
| 040 | _cAIMIT LIBRARY | ||
| 100 |
_aFernandes, Floyd Rosario _e2117019 _9154209 |
||
| 245 |
_aGym Web App / _cBy Floyd Rosario Fernandes |
||
| 700 |
_aPinto, Jeevan _eMentor _9154210 |
||
| 700 |
_aBalchandra, Rakhi _eGuide _9154211 |
||
| 856 | _3Bull Rock Fittness Club | ||
| 942 |
_2ddc _cPRO |
||
| 999 |
_c230302 _d230302 |
||